[Event "It (open)"]
[Site "Copenhagen (Denmark)"]
[Round "7"]
[White "Lund Esben (DEN)"]
[Black "Olsen Peter Erik (DEN)"]
[Result "0-1"]
[WhiteElo "2413"]
[BlackElo "2248"]

1.c4 c5 2.Nc3 Nc6 3.Nf3 g6 4.e3 Bg7 5.d4 d6 6.Be2 Bg4 7.d5 Bxf3 8.Bxf3 Ne5
9.Be2 Nf6 10.O-O O-O 11.e4 Ned7 12.Be3 a6 13.Qc2 Ne8 14.f4 Nc7 15.g3 e6 16.Bg4
exd5 17.Nxd5 Nxd5 18.cxd5 b5 19.Rad1 Re8 20.Bf2 Nb6 21.b3 Nd7 22.Rfe1 Rc8
23.h4 Rc7 24.Bf3 Qb8 25.h5 b4 26.hxg6 hxg6 27.e5 dxe5 28.f5 g5 29.d6 Rcc8
30.Be3 g4 31.Bxg4 Rc6 32.Bf3 Rxd6 33.Rxd6 Qxd6 34.Rd1 Qc7 35.Qd2 Nf6 36.Qd6
Rc8 37.Qxc7 Rxc7 38.Be2 Kh7 39.Rd8 Bh6 40.Bxh6 Kxh6 41.Bxa6 Kg5 42.Rc8 Rxc8
43.Bxc8 Ne4 44.Kg2 Nc3 45.Kf3 Nxa2 46.Ke4 Nc1 47.Bb7 Nxb3 48.Bd5 c4 49.Kxe5
Nd2 50.Kd4 f6 51.Be6 Kg4 52.Ke3 c3 53.Kd3 Kxg3 54.Bd7 Kf4 55.Kc2 Ke5 56.Be6
Kd4 57.Bg8 b3+ {#R} 0-1

[Event "Ch Australia"]
[Site "Melbourne (Australia)"]
[Round "2"]
[White "Hacche David (AUS)"]
[Black "Kagan Naum (AUS)"]
[Result "0-1"]
[WhiteElo "2255"]
[BlackElo "2335"]

1.c4 c5 2.Nc3 Nc6 3.Nf3 Nd4 4.e3 Nxf3+ 5.Qxf3 g6 6.Be2 Bg7 7.O-O d6 8.Qg3 Bd7
9.Rb1 Nf6 10.d3 a6 11.f4 O-O 12.e4 b5 13.e5 Ne8 14.Be3 Rb8 15.Ne4 Bf5 16.exd6
Nxd6 17.cxb5 Nxb5 18.Bxc5 Nd4 19.Bd1 Ne6 20.Bf2 Rxb2 21.Rxb2 Bxb2 22.Qf3 Qc7
23.Be3 h5 24.Qf2 Bg7 25.Bb3 Qd7 26.Bc4 Rb8 27.Re1 a5 28.h3 Nd4 29.Kh1 Ne6
30.Ng3 Nd8 31.Nxf5 Qxf5 32.Bd4 Nc6 33.Bxg7 Kxg7 34.Qf3 Qf6 35.f5 Nd4 36.Qg3
Rb2 37.fxg6 fxg6 38.Qe5 Nf5 39.g4 hxg4 40.hxg4 Nd4 41.Qxe7+ Qxe7 42.Rxe7+ Kh6
43.Re3 Kg5 44.Kg1 Kf4 45.Re4+ Kg3 46.Kf1 Kf3 {#R} 0-1

[Event "It (open)"]
[Site "Badenweiler (Germany)"]
[Round "1"]
[White "Biebinger Gerhard (GER)"]
[Black "Hentzgen Thomas (GER)"]
[Result "1-0"]
[WhiteElo "2330"]
[BlackElo "2053"]

1.c4 c5 2.Nc3 Nc6 3.Nf3 g6 4.e3 Bg7 5.d4 b6 6.Be2 Bb7 7.O-O d6 8.d5 Ne5 9.Nd2
Nh6 10.f4 Nd7 11.g4 f5 12.g5 Nf7 13.e4 Bd4+ 14.Kh1 Nf8 15.Nb5 Bg7 16.Qa4 Qd7
17.Nc7+ Kd8 18.Qxd7+ Kxd7 19.Nxa8 Bxa8 20.a4 a5 21.Ra3 fxe4 22.Nxe4 e6 23.Bf3
exd5 24.cxd5 h6 25.Bg2 Nh7 26.Rg3 Bxd5 27.Nxc5+ Kc6 28.Ne6 Bxg2+ 29.Rxg2 Rg8
30.Nxg7 Rxg7 31.gxh6 Nxh6 32.f5 g5 33.f6 Rf7 34.h4 Nxf6 35.Bxg5 Nfg8 36.Rxf7
Nxf7 37.Bc1 Nfh6 38.Rg7 Kc5 39.Rh7 d5 40.Bxh6 Nxh6 41.Rxh6 d4 42.Rh8 {#r} 1-0

[Event "It "]
[Site "Philadelphia (USA)"]
[Round "3"]
[White "Wiedner Robert (AUT)"]
[Black "Mackenzie Dana N (USA)"]
[Result "0-1"]
[WhiteElo "2197"]
[BlackElo "2062"]

1.c4 c5 2.Nc3 Nc6 3.Nf3 e5 4.d3 d6 5.g3 g6 6.Bg2 Bg7 7.O-O Nge7 8.Rb1 O-O 9.a3
a5 10.Ng5 h6 11.Nge4 f5 12.Nd2 Be6 13.e3 Bf7 14.Qc2 g5 15.Nb5 Qd7 16.b3 Bh5
17.Re1 Kh8 18.Bb2 f4 19.Ne4 f3 20.Bf1 Bg4 21.Nexd6 Bh3 22.Kh1 Ng8 23.Ne4 Bxf1
24.Rxf1 Qh3 25.Rg1 Rad8 26.g4 Qh4 27.Rg3 h5 28.gxh5 g4 29.Rbg1 Nh6 30.d4 Rf5
31.h3 Rxh5 {#R} 0-1

[Event "Staatsliga B South 1995/96"]
[Site "Austria"]
[Round "0"]
[White "Tschurl Martin (AUT)"]
[Black "Nekam Karl (AUT)"]
[Result "1-0"]
[WhiteElo "2041"]
[BlackElo "2112"]

1.c4 c5 2.Nc3 Nc6 3.Nf3 g6 4.e3 Bg7 5.d4 cxd4 6.exd4 d6 7.Be2 Bg4 8.d5 Bxf3
9.Bxf3 Ne5 10.Bd2 Nxf3+ 11.Qxf3 Nf6 12.O-O O-O 13.Rfe1 Re8 14.Re2 Qd7 15.Rae1
Kf8 16.h3 a6 17.Qd3 Rab8 18.a4 Qc7 19.b3 Nd7 20.Kh1 Qb6 21.Qc2 Qd4 22.Ne4 Qb2
23.Qxb2 Bxb2 24.Bh6+ Bg7 25.Bxg7+ Kxg7 26.Nxd6 Rf8 27.Rxe7 Nc5 28.Rc7 {#r} 1-0

[Event "It (open)"]
[Site "Antwerpen (Belgium)"]
[Round "7"]
[White "Pitam Ela (ISR)"]
[Black "Quist Johan (NED)"]
[Result "1-0"]
[WhiteElo "2190"]
[BlackElo "2300"]

1.c4 c5 2.Nc3 Nc6 3.Nf3 Nd4 4.e3 Nxf3+ 5.Qxf3 g6 6.b3 Bg7 7.Bb2 d6 8.Be2 Rb8
9.O-O Bd7 10.Rad1 Bc6 11.e4 f5 12.d3 e5 13.Qh3 f4 14.Nb5 Bxb5 15.cxb5 Nf6
16.b4 b6 17.g3 g5 18.Qf5 h6 19.bxc5 bxc5 20.d4 exd4 21.e5 dxe5 22.Qxe5+ Qe7
23.Qxb8+ Kf7 24.Bc4+ Kg6 25.Rde1 Qxe1 26.Bd3+ Kf7 27.Qxa7+ Qe7 28.Bg6+ Kf8
29.Qa8+ Ne8 30.Ba3 Be5 31.Bxc5 Qxc5 {#r} 1-0

[Event "Ch Moscow (open)"]
[Site "Moscow (Russia)"]
[Round "11"]
[White "Tarasenko A (RUS)"]
[Black "Krivonogov A (RUS)"]
[Result "1-0"]
[WhiteElo "2245"]
[BlackElo "2312"]

1.c4 c5 2.Nc3 Nc6 3.Nf3 g6 4.e3 Bg7 5.d4 cxd4 6.exd4 d6 7.d5 Nb8 8.h3 Nf6
9.Be2 O-O 10.O-O Nbd7 11.Re1 Nc5 12.Bf1 a6 13.Be3 Re8 14.Bd4 b6 15.Qd2 a5
16.b3 Bb7 17.Ng5 h6 18.Nge4 Ncxe4 19.Nxe4 Nxe4 20.Rxe4 e5 21.Bb2 f5 22.Ree1
Kh7 23.f4 h5 24.fxe5 dxe5 25.g4 Bc8 26.gxh5 gxh5 27.Qf2 Ra7 28.Kh1 Qd6 29.Qh4
Qh6 30.Be2 Bf6 31.Qxh5 Rg7 32.Rg1 Reg8 33.Rxg7+ Rxg7 34.Rg1 Qxh5 35.Bxh5 Kh6
36.Rxg7 Bxg7 37.Be8 Kg5 38.Bc6 Kf6 39.Ba3 Bh6 40.Kg2 Bd2 41.c5 bxc5 42.Bxc5
Bc3 43.h4 e4 44.h5 f4 45.d6 e3 46.Kf3 Ke6 47.h6 Bd7 48.Bxd7+ Kxd7 49.a3 Kc6
50.b4 Bf6 51.h7 a4 52.b5+ Kd7 53.b6 Kc6 54.b7 Kxb7 55.d7 Kc7 56.Be7 Bxe7
57.h8=Q Kxd7 58.Qd4+ {#r} 1-0

[Event "Ch Sweden (team) 1995/96"]
[Site "Sweden"]
[Round "0"]
[White "Ekelund Peter (SWE)"]
[Black "Bjarnehag Peter (SWE)"]
[Result "1-0"]
[WhiteElo "2100"]
[BlackElo "2290"]

1.c4 c5 2.Nc3 Nc6 3.Nf3 e5 4.d3 g6 5.Bg5 f6 6.Bd2 Bg7 7.g3 Nge7 8.Bg2 O-O 9.a3
a5 10.O-O d6 11.Ne1 Be6 12.Nd5 Rb8 13.Rb1 b5 14.Nxe7+ Nxe7 15.cxb5 Rxb5 16.b4
axb4 17.axb4 cxb4 18.Rxb4 Qb6 19.Qa4 Rxb4 20.Qxb4 Rb8 21.Qa3 Nf5 22.Nf3 Bf8
23.Ra1 d5 24.Qa5 Qb7 25.Bh3 Ng7 26.Bxe6+ Nxe6 27.Qa6 Qxa6 28.Rxa6 Rb1+ 29.Kg2
Kf7 30.Ra7+ Be7 31.g4 g5 32.h4 e4 33.Ne1 gxh4 34.Nc2 Ke8 35.Ne3 Nf4+ 36.Kh2
Bd6 37.Nf5 Bb8 38.Re7+ Kf8 39.dxe4 dxe4 40.Rxe4 Nxe2+ 41.Kg2 Rg1+ 42.Kf3 h3
43.Bb4+ Kf7 44.Re7+ Kg8 45.Nh6+ Kh8 46.Re8+ Kg7 47.Rg8+ {#r} 1-0

[Event "Ch Austria (juniors) (under 10) (g)"]
[Site "Austria"]
[Round "2"]
[White "Krumphals Ingrid (AUT)"]
[Black "Kopinits Anna-Christina (AUT)"]
[Result "0-1"]
[WhiteElo "1408"]
[BlackElo "2231"]

1.c4 c5 2.Nc3 Nc6 3.d3 Nf6 4.g3 d6 5.Bg2 e5 6.e4 Be7 7.Nge2 O-O 8.O-O Bg4 9.h3
Bxe2 10.Qxe2 Nd4 11.Qd1 Qb6 12.b3 Qb4 13.Bb2 Nd7 14.Kh2 Nb6 15.f4 a5 16.a3
Qxb3 17.Qxb3 Nxb3 18.Rad1 Nd4 19.Rb1 f5 20.fxe5 dxe5 21.exf5 Rxf5 22.Rxf5 Nxf5
23.Bxb7 Rb8 24.Bg2 Rd8 25.Nd5 Nxd5 26.Bxd5+ Kf8 27.Bxe5 g6 28.Bc7 Rc8 29.Bxa5
Bf6 30.Bb6 Ke8 31.Rb5 Be7 32.a4 Nd4 33.Rb1 Rb8 34.a5 Bd8 35.Rb2 Bc7 36.Kg2 Ke7
37.Kf2 Kd6 38.Ke3 Nf5+ 39.Kf3 Ne7 40.Be4 Kd7 41.g4 Nc8 42.Rd2 Nxb6 43.axb6
Bxb6 44.Rb2 Ke6 45.Ke3 Kf6 46.h4 h6 47.Kf4 Bc7+ 48.Ke3 Rxb2 49.d4 cxd4+
50.Kxd4 Ke6 51.Bxg6 Bb6+ 52.Kc3 Rg2 53.Bf5+ Ke5 54.Kb4 h5 55.gxh5 Kxf5 56.h6
Rh2 57.Kb5 Bg1 58.h7 Rxh4 59.h8=Q Rxh8 60.Kb4 Rc8 61.Kc3 Ke5 62.Kd3 Bd4 63.Ke2
Rxc4 64.Kd3 Kd5 65.Kd2 Rc3 66.Ke2 Bh8 67.Kd2 Kd4 68.Ke2 Rd3 69.Kf2 Re3 70.Kf1
Ke4 71.Kf2 Kf4 72.Kf1 Kf3 73.Kg1 Re2 74.Kf1 Ke3 75.Kg1 Rf2 76.Kh1 Kf3 77.Kg1
Kg3 78.Kh1 Rf1# 0-1

[Event "Ch Moscow (open)"]
[Site "Moscow (Russia)"]
[Round "8"]
[White "Abramov Anatoli P (RUS)"]
[Black "Osadchenko Andrei (RUS)"]
[Result "1-0"]
[WhiteElo "2210"]
[BlackElo "2189"]

1.c4 c5 2.Nc3 Nc6 3.Nf3 g6 4.e3 Bg7 5.d4 cxd4 6.exd4 d6 7.Be2 Bg4 8.d5 Bxf3
9.Bxf3 Ne5 10.Bd2 Nd3+ 11.Ke2 Ne5 12.Qa4+ Nd7 13.Rhc1 Nf6 14.Kf1 O-O 15.Qd1
Ne5 16.Be2 Rc8 17.b3 Qd7 18.Rab1 Qf5 19.Qc2 Qxc2 20.Rxc2 h5 21.h3 a6 22.Rcc1
e6 23.f4 Ned7 24.dxe6 fxe6 25.Bf3 Rc7 26.Kg1 Nc5 27.Be3 Ne8 28.Ne2 Bh6 29.Rd1
Nd7 30.Bf2 e5 31.Bd5+ Kg7 32.fxe5 dxe5 33.Nc3 Nef6 34.Ne4 Nxe4 35.Bxe4 Nf6
36.Bc2 e4 37.Re1 Re8 38.Bd4 Rce7 39.Re2 Bg5 40.g3 h4 41.Kg2 hxg3 42.Rbe1 e3
43.Rf1 Re6 44.Rf3 Kh6 45.h4 Bxh4 46.Rfxe3 Rxe3 47.Rxe3 Rxe3 48.Bxe3+ Bg5
49.Bd4 Nh5 50.Be4 b5 51.Bb6 bxc4 52.bxc4 Nf4+ 53.Kxg3 Ne2+ 54.Kf3 Nc3 55.c5
Be7 56.c6 Bd6 57.c7 Bxc7 58.Bxc7 Nxa2 59.Ba5 Nc1 60.Bd2+ Kh5 61.Bxc1 {#r} 1-0

[Event "n) (b"]
[Site "Andorra"]
[Round "3"]
[White "Vehreschild Axel (GER)"]
[Black "Berebora Ferenc (HUN)"]
[Result "0-1"]
[WhiteElo "2122"]
[BlackElo "2400"]

1.c4 c5 2.Nc3 Nc6 3.Nf3 Nd4 4.g3 Nxf3+ 5.exf3 Nf6 6.Bg2 d5 7.cxd5 Nxd5 8.Nxd5
Qxd5 9.O-O Bf5 10.f4 Qd7 11.d4 cxd4 12.Qb3 Rb8 13.Bd2 e6 14.h3 Be7 15.g4 Bg6
16.f5 exf5 17.Bf4 O-O 18.Bxb8 Rxb8 19.Qg3 Bd6 20.f4 fxg4 21.hxg4 h5 22.gxh5
Bxh5 23.Qd3 b6 24.Rae1 Re8 25.Rxe8+ Qxe8 26.Qe4 Qxe4 27.Bxe4 Be2 28.Rf2 d3
29.Rxe2 dxe2 30.Kf2 Bxf4 31.Kxe2 g6 32.Kf3 Be5 33.b3 f5 34.Bd5+ Kg7 35.a4 g5
36.Be6 Kf6 37.Bd5 Bc3 38.Bc4 Ke5 39.Bd3 g4+ 40.Kg3 Be1+ 41.Kg2 f4 42.Ba6 f3+
{#R} 0-1

[Event "It (b)"]
[Site "London (Canada)"]
[Round "0"]
[White "Finkenzeller Arnold (GER)"]
[Black "Brown Timothy G (USA)"]
[Result "1-0"]
[WhiteElo "2270"]
[BlackElo "2195"]

1.c4 c5 2.Nc3 Nc6 3.Nf3 g6 4.d3 Bg7 5.g3 e6 6.Be3 Nge7 7.Bxc5 d5 8.Ba3 Qa5
9.Qd2 O-O 10.cxd5 Bxc3 11.Qxc3 Qxd5 12.Bg2 Qd8 13.O-O Nd5 14.Qd2 Nde7 15.b3
Bd7 16.Bb2 Qb6 17.e4 Nb4 18.Qh6 e5 19.Ng5 Rfc8 20.Qxh7+ Kf8 {#r} 1-0

[Event "Ch Pfalz (open)"]
[Site "Landau (Germany)"]
[Round "0"]
[White "Appel Ralf (GER)"]
[Black "Dauenheimer Torsten (GER)"]
[Result "1-0"]
[WhiteElo "2490"]
[BlackElo "2240"]

1.c4 c5 2.Nc3 Nc6 3.Nf3 g6 4.d4 cxd4 5.Nxd4 Bg7 6.Nc2 Nf6 7.g3 O-O 8.Bg2 d6
9.O-O Nd7 10.Bd2 Nb6 11.b3 Be6 12.Ne3 Qd7 13.Re1 Bh3 14.Bh1 h5 15.a4 a5
16.Ned5 Nxd5 17.Nxd5 Rab8 18.Rc1 h4 19.Bc3 hxg3 20.hxg3 e5 21.Qd2 f5 22.Qg5 f4
23.Qxg6 Bf5 24.Qg5 fxg3 25.fxg3 Kh7 26.Rf1 Bh6 27.Nf6+ Rxf6 28.Qxf6 Bxc1
29.Rxf5 {#r} 1-0

[Event "It (2)"]
[Site "Edinburgh (Scotland)"]
[Round "7"]
[White "Bathie Nicol (SCO)"]
[Black "Eynon David (SCO)"]
[Result "1-0"]
[WhiteElo "2265"]
[BlackElo "2055"]

1.c4 c5 2.Nc3 Nc6 3.Nf3 g6 4.d4 cxd4 5.Nxd4 Bg7 6.Nb3 Nf6 7.e4 d6 8.Be2 O-O
9.Be3 Bd7 10.O-O Rc8 11.Rc1 Ne5 12.Nd2 Qc7 13.Nd5 Qd8 14.Bxa7 Nxd5 15.exd5 Bf5
16.Bd4 Re8 17.Rc3 Qa5 18.a3 h5 19.h3 Qc7 20.Nf3 Nxf3+ 21.Bxf3 Bh6 22.Bxh5 e5
23.dxe6 Bxe6 24.Bg4 f5 25.Bf3 Qf7 26.b3 Rf8 27.Re1 Rc7 28.Rxe6 {#r} 1-0

[Event "Ch World (juniors) (under 20) (g)"]
[Site "Medellin (Colombia)"]
[Round "6"]
[White "Pitam Ela (ISR)"]
[Black "Esirkepova Altyn (KAZ)"]
[Result "1-0"]
[WhiteElo "2255"]
[BlackElo "2174"]

1.c4 c5 2.Nc3 Nc6 3.Nf3 e6 4.g3 g6 5.d4 d5 6.cxd5 exd5 7.dxc5 Be6 8.Be3 Nf6
9.Bg2 Qa5 10.Nd4 Ng4 11.Nxc6 bxc6 12.Bd4 Rg8 13.a3 Bxc5 14.b4 Bxd4 15.bxa5
Bxc3+ 16.Kf1 Bxa1 17.Qxa1 Rb8 18.Bf3 Ke7 19.Kg2 f6 20.Bxg4 Bxg4 21.Qd4 Bd7
22.Qxa7 Ra8 23.Qc5+ Kf7 24.Rb1 Rge8 25.Rb7 Re7 26.Qb6 d4 27.a6 c5 28.Qxc5 Ke8
29.a7 {#r} 1-0

[Event "Ch Slovakia"]
[Site "Martin (Slovakia)"]
[Round "3"]
[White "Kebis Milos (SVK)"]
[Black "Horvath Mario (SVK)"]
[Result "1-0"]
[WhiteElo "1941"]
[BlackElo "2195"]

1.c4 c5 2.Nc3 Nc6 3.e3 e6 4.d4 Nf6 5.d5 Na5 6.e4 d6 7.Nf3 Be7 8.a3 b6 9.Bd3 e5
10.O-O h6 11.h3 Bd7 12.Ne1 g5 13.Ne2 Nh5 14.Ng3 Ng7 15.b4 Nb7 16.Nc2 Bf6
17.Ne3 h5 18.Be2 h4 19.Nh5 Nxh5 20.Bxh5 Qe7 21.Bg4 O-O-O 22.Rb1 Kc7 23.Bxd7
Qxd7 24.Nf5 Be7 25.Rb3 Rb8 26.Qg4 f6 27.Bd2 Rhc8 28.Rfb1 Bf8 29.Qh5 Nd8
30.bxc5 dxc5 31.Qh8 Qf7 32.Rf3 Nb7 33.Nh6 Qg7 34.Qxg7+ Bxg7 35.Nf5 Bh8 36.Rfb3
Nd6 37.Nxd6 Kxd6 38.a4 Rc7 39.Kf1 Bg7 40.Ke2 Bf8 41.Kf3 Be7 42.Kg4 Bd8 43.Kf5
Rd7 44.g3 Rh7 45.Kg4 Rbb7 46.Be3 Rbf7 47.Rb5 Rh8 48.R5b3 Rfh7 49.Rh1 Rf7
50.Bd2 Rfh7 51.Rf3 Rh6 52.Rf5 R8h7 53.Bc3 Rh8 54.Be1 R8h7 55.f4 exf4 56.gxf4
gxf4 57.Rxf4 Ke7 58.Kf3 Bc7 59.Rg4 Be5 60.Rhg1 Kf7 61.Rg8 Bg3 62.Ra8 Bxe1
63.Rxa7+ Kf8 64.Rxh7 Rxh7 65.Rxe1 Rg7 66.Kf4 Rg3 67.Re3 Rg1 68.Kf5 Ke7 69.Rb3
Rf1+ 70.Kg4 Rc1 71.Rxb6 Rxc4 72.Kf5 Rxa4 73.Rb7+ Kd8 74.Rf7 Ra3 75.d6 Re3
76.Rc7 c4 77.Rxc4 Kd7 78.Rd4 Rxh3 79.Kxf6 Re3 80.e5 h3 81.Kf5 h2 82.Rh4 Rf3+
83.Ke4 Rf2 84.Rh7+ Kd8 85.Kd5 Rd2+ 86.Ke6 Kc8 87.Ke7 Kb7 88.d7 Kc7 89.e6 {#r}
1-0

[Event "It (open)"]
[Site "Balatonalmadi (Hungary)"]
[Round "3"]
[White "Babos Laszlo (HUN)"]
[Black "Molnar Mihaly (HUN)"]
[Result "0-1"]
[WhiteElo "1836"]
[BlackElo "2084"]

1.c4 c5 2.Nc3 Nc6 3.e3 e5 4.a3 Nf6 5.Qc2 g6 6.d3 Bg7 7.Nf3 d6 8.Nd5 Nxd5
9.cxd5 Ne7 10.e4 O-O 11.b4 cxb4 12.axb4 Nxd5 13.Rb1 Nf4 14.Bxf4 exf4 15.d4 Bg4
16.Be2 Bxf3 17.Bxf3 Bxd4 18.O-O Qb6 19.b5 Rac8 20.Qa2 Rc5 21.Rfd1 Rc3 22.Qe2
Rfc8 23.h3 Rc2 24.Rd2 Rc1+ 25.Rd1 R8c2 26.Qd3 Rxf2 27.Kh2 Rcc2 28.Kh1 Be5
29.Qd5 Rxf3 30.Rbc1 Rfc3 31.Rxc2 Rxc2 32.Rf1 f3 {#R} 0-1

[Event "It (open)"]
[Site "Hallstahammar (Sweden)"]
[Round "5"]
[White "Lindahl Jonas (SWE)"]
[Black "Moback Johnny"]
[Result "0-1"]
[WhiteElo "2116"]
[BlackElo "1645"]

1.c4 c5 2.Nc3 Nc6 3.Nf3 Nf6 4.d4 cxd4 5.Nxd4 d6 6.e3 g6 7.Be2 Bg7 8.O-O O-O
9.Nxc6 bxc6 10.e4 Bd7 11.Kh1 Qc7 12.Qd3 Rad8 13.Qc2 Qb7 14.f4 d5 15.cxd5 cxd5
16.exd5 Nxd5 17.Nxd5 Qxd5 18.Qd3 Qb7 19.Qb3 Rb8 20.Qxb7 Rxb7 21.Re1 Bf5 22.Bf3
Rc7 23.Be4 Be6 24.a3 Rb8 25.Re2 Bg4 26.Bf3 Bxf3 27.gxf3 Rbc8 28.Re1 Rc2 29.Rb1
Rf2 30.Be3 Rxb2 31.Rxb2 Bxb2 32.Bxa7 Bxa3 33.Kg2 Bd6 34.Be3 Rc2+ 35.Kg1 Kg7
36.h3 Rc4 37.Kg2 e6 38.Rd1 Bxf4 39.Bd4+ e5 40.Bf2 Rc2 41.Re1 f5 42.Kg1 h5
43.Kg2 Kf6 44.Kg1 g5 45.Rd1 e4 46.fxe4 fxe4 47.Bd4+ Kf5 48.Bb6 e3 49.Re1 Ke4
50.Kf1 Kf3 {#R} 0-1

[Event "It (open)"]
[Site "Vantaa (Finland)"]
[Round "3"]
[White "Keskisarja Teemu (FIN)"]
[Black "Sorri Kari Juhani (FIN)"]
[Result "1-0"]
[WhiteElo "2275"]
[BlackElo "2315"]

1.c4 c5 2.Nc3 Nc6 3.Nf3 g6 4.e3 d6 5.d4 Bg4 6.d5 Ne5 7.Be2 Bxf3 8.gxf3 Bg7
9.e4 Nf6 10.Be3 a6 11.f4 Ned7 12.O-O O-O 13.Kh1 Ne8 14.Rg1 Rb8 15.a4 Nc7
16.Ra3 b5 17.axb5 axb5 18.cxb5 Nb6 19.f5 Nd7 20.Qd2 Ne5 21.Bh6 c4 22.Bxg7 Kxg7
23.f4 Nd7 24.Bxc4 Qc8 25.Be2 Nf6 26.e5 Nd7 27.fxg6 fxg6 28.e6 Nf6 29.f5 Qb7
30.fxg6 h6 31.Bf3 Qb6 32.Ne2 Qf2 33.Qd4 Qxd4 34.Nxd4 Nfxd5 35.Be4 Nxb5 36.Nxb5
Rxb5 37.Ra7 Re8 38.Rf1 Ne3 39.Rf7+ Kg8 40.Ra3 d5 41.Rxe3 dxe4 42.Rxe4 Rxb2
43.Re1 Rc8 44.Rd1 Rb7 45.g7 Kh7 46.Rf8 {#r} 1-0

[Event "Ch Germany (juniors) (under 13) (team)"]
[Site "Verden (Germany)"]
[Round "6"]
[White "Becker Marc (GER)"]
[Black "Buckan Jens (GER)"]
[Result "1-0"]
[WhiteElo "2430"]
[BlackElo "2095"]

1.c4 c5 2.Nc3 Nc6 3.Nf3 d6 4.d3 e5 5.g3 f6 6.Bg2 Be6 7.O-O Qd7 8.a3 Bh3 9.Bxh3
Qxh3 10.Nd5 O-O-O 11.b4 h5 12.bxc5 dxc5 13.Rb1 g5 14.Qb3 Rd7 15.Be3 h4 16.Rfd1
Rg7 17.Qb5 hxg3 18.fxg3 g4 19.Nh4 Rxh4 20.gxh4 g3 21.hxg3 Rxg3+ 22.Kf2 Rg2+
23.Ke1 {#r} 1-0

[Event "It (open)"]
[Site "Andorra"]
[Round "4"]
[White "Komljenovic Davor (CRO)"]
[Black "Berebora Ferenc (HUN)"]
[Result "1-0"]
[WhiteElo "2445"]
[BlackElo "2390"]

1.c4 c5 2.Nc3 Nc6 3.Nf3 Nd4 4.Nxd4 cxd4 5.Nb5 e5 6.e3 a6 7.Na3 dxe3 8.dxe3
Bb4+ 9.Bd2 Qa5 10.c5 d5 11.cxd6 b5 12.Be2 Bb7 13.Bxb4 Qxb4+ 14.Qd2 Qxd2+
15.Kxd2 O-O-O 16.Rhc1+ Kb8 17.Nc2 Rxd6+ 18.Ke1 Ne7 19.a4 bxa4 20.Nb4 Nd5
21.Nd3 f6 22.Rxa4 Rc8 23.Nc5 Ka7 24.b4 Nb6 25.Raa1 {#r} 1-0

[Event "It (open)"]
[Site "Regensburg (Germany)"]
[Round "5"]
[White "Cunningham Walter (USA)"]
[Black "Beck Stephan"]
[Result "1-0"]
[WhiteElo "2212"]
[BlackElo "1850"]

1.c4 c5 2.Nc3 Nc6 3.Nf3 e6 4.e3 b6 5.d4 cxd4 6.exd4 d6 7.d5 Nb8 8.dxe6 fxe6
9.Ng5 Qd7 10.Be2 Nc6 11.Bg4 Qe7 12.O-O Ne5 13.Bh3 h6 14.Nf3 Nxf3+ 15.Qxf3 Bb7
16.Qh5+ Qf7 17.Qb5+ Kd8 18.Re1 Bc8 19.Be3 Bd7 20.Bxb6+ axb6 21.Qxb6+ Ke8
22.Bxe6 {#r} 1-0

[Event "?"]
[Site "Kaluga (Russia)"]
[Round "0"]
[White "Timofeev Vladimir F (RUS)"]
[Black "Stepanov Igor (RUS)"]
[Result "1-0"]
[WhiteElo "2194"]
[BlackElo "2018"]

1.c4 c5 2.Nc3 Nc6 3.e3 d6 4.g3 Bd7 5.Bg2 g6 6.Nge2 Bg7 7.O-O h5 8.h3 Nh6 9.a3
Qc8 10.Kh2 Ne5 11.d3 Nhg4+ 12.Kg1 Nh6 13.Nf4 Kf8 14.Ncd5 Nc6 15.Kh2 e5 16.Ne2
h4 17.g4 Bxg4 18.hxg4 Nxg4+ 19.Kh1 h3 20.Be4 f5 21.Bf3 e4 22.dxe4 Nge5 23.Ng3
Nxf3 24.Qxf3 Ne5 25.Qe2 h2 26.exf5 gxf5 27.f4 Ng4 28.e4 Rh3 29.Nxf5 Nf6 30.Qg2
Rh7 31.Qg6 Qe6 32.Nxg7 Qxe4+ 33.Qxe4 Nxe4 34.Ne6+ Kg8 35.Kg2 Kh8 36.Ng5 Rg8
37.b4 Rxg5+ 38.fxg5 h1=Q+ 39.Rxh1 {#r} 1-0

[Event "Ch Slovakia (team) 1997/98 (2 liga) (a)"]
[Site "Slovakia"]
[Round "0"]
[White "Mancal Miroslav"]
[Black "Hagara Vladimir (SVK)"]
[Result "1-0"]
[WhiteElo "2010"]
[BlackElo "1845"]

1.c4 c5 2.Nc3 Nc6 3.Nf3 g6 4.e3 Bg7 5.d4 cxd4 6.exd4 d6 7.h3 Bf5 8.Be3 Nf6
9.d5 Nb4 10.Nd4 Bd7 11.Qd2 Na6 12.Bd3 Nc7 13.O-O O-O 14.f4 a6 15.g4 Rb8 16.Qg2
Nfe8 17.f5 Qc8 18.Nce2 Nf6 19.Ng3 Be8 20.Rae1 Nd7 21.Nf3 Ne5 22.Nxe5 dxe5
23.Bd2 Qd7 24.Bc3 f6 25.Ne4 b5 26.b3 b4 27.Bd2 Qd8 28.Be3 a5 29.Nc5 Qd6 30.Be4
Bf7 31.Rd1 Rfc8 32.Rd3 Na6 33.Ne6 g5 34.Qf2 Be8 35.c5 Qd7 36.h4 h6 37.hxg5
fxg5 38.f6 exf6 39.Qf5 {#r} 1-0

[Event "It (open) "]
[Site "Pesc (Hungary)"]
[Round "0"]
[White "Hohler Peter (SUI)"]
[Black "Kocsis Laszlo (HUN)"]
[Result "1-0"]
[WhiteElo "2230"]
[BlackElo "1871"]

1.c4 c5 2.Nc3 Nc6 3.Nf3 e5 4.e3 f5 5.d4 e4 6.d5 Nb8 7.Nd2 Nf6 8.f3 exf3 9.Qxf3
d6 10.Bd3 Nbd7 11.Bxf5 Ne5 12.Qf1 g6 13.Bxc8 Rxc8 14.Nf3 Nfg4 15.Ne4 Be7
16.Qe2 O-O 17.O-O a6 18.h3 Nxf3+ 19.gxf3 Nh6 20.Bd2 Qd7 21.Kh2 b5 22.b3 b4
23.Bc1 Bf6 24.Nxf6+ Rxf6 25.e4 Re8 26.Bxh6 {#r} 1-0

[Event "Ch Reinland-Pfalz (b)"]
[Site "Wittlich (Germany)"]
[Round "0"]
[White "Ehlen Ralf"]
[Black "Lutz Oliver (GER)"]
[Result "0-1"]
[WhiteElo "1785"]
[BlackElo "2085"]

1.c4 c5 2.Nc3 Nc6 3.e3 Nf6 4.Nf3 g6 5.d4 cxd4 6.Nxd4 Bg7 7.Be2 O-O 8.h4 Nxd4
9.exd4 d5 10.c5 h5 11.b4 Ne4 12.Nxe4 dxe4 13.Be3 Qd5 14.Qd2 Bg4 15.Bxg4 hxg4
16.Rd1 Rad8 17.Qe2 e5 18.dxe5 Qxd1+ 19.Qxd1 Rxd1+ 20.Kxd1 Rd8+ 21.Ke2 Bxe5
22.Rd1 Rxd1 23.Kxd1 f5 24.g3 Kf7 25.Kc2 Ke6 26.c6 bxc6 27.Bxa7 Kd5 28.Be3 Kc4
29.a3 Bd6 30.Bd2 c5 31.Be1 cxb4 32.Bxb4 Bxb4 33.axb4 Kxb4 34.Kd2 Kc4 35.Ke3
Kc3 36.Kf4 Kd3 37.h5 gxh5 38.Kxf5 Ke2 39.Kxe4 Kxf2 40.Kf4 {#R} 0-1

[Event "Ch Russia (juniors) (under 12)"]
[Site "St. Petersburg (Russia)"]
[Round "5"]
[White "Isajevsky Anton (RUS)"]
[Black "Kraev Alexei (RUS)"]
[Result "0-1"]
[WhiteElo "2403"]
[BlackElo "2326"]

1.c4 c5 2.Nc3 Nc6 3.Nf3 g6 4.d4 cxd4 5.Nxd4 Bg7 6.e3 Nf6 7.Be2 O-O 8.O-O Nxd4
9.Qxd4 d6 10.Qh4 Be6 11.Bd2 Rc8 12.Rac1 Nd7 13.Ne4 h6 14.Bc3 Nc5 15.Nxc5 dxc5
16.Bxg7 Kxg7 17.Qf4 Qb6 18.Qe5+ f6 19.Qc3 Rcd8 20.Bd3 Rd6 21.Qc2 Bf7 22.f4
Rfd8 23.Rcd1 R8d7 24.Be2 Qa5 25.Rxd6 Rxd6 26.Bf3 Qxa2 27.Rc1 Rb6 28.b3 Qxc2
29.Rxc2 Rxb3 30.Kf2 a5 31.Ra2 b6 32.Be2 Rb4 33.Rc2 a4 34.Kf3 a3 35.Ra2 Ra4
36.Ra1 a2 37.Bd3 Bxc4 38.Bxc4 Rxc4 39.Rxa2 b5 40.Ra7 Kf7 41.Rb7 b4 42.Ke2 Rc2+
43.Kd3 Rxg2 44.h4 Ra2 45.Rb5 Ra3+ {#R} 0-1

[Event "Ch NRW (qual)"]
[Site "Cologne (Germany)"]
[Round "0"]
[White "Raabe Joachim (GER)"]
[Black "Weiler Wolfgang (GER)"]
[Result "0-1"]
[WhiteElo "2015"]
[BlackElo "2087"]

1.c4 c5 2.Nc3 Nc6 3.Nf3 e5 4.g3 Nge7 5.Bg2 d6 6.O-O Be6 7.d3 h6 8.a3 a5 9.e4
g6 10.Nb5 Bg7 11.Bd2 O-O 12.Bc3 Qd7 13.Ne1 Nd4 14.Bxd4 exd4 15.f4 f5 16.Qe2 a4
17.Rb1 Rfe8 18.Qc2 Nc6 19.b3 fxe4 20.Bxe4 axb3 21.Qxb3 Kh7 22.Nf3 Bf5 23.Bxf5
gxf5 24.Rfe1 Re3 25.Rxe3 dxe3 26.Re1 Nd4 27.Nfxd4 cxd4 28.Re2 Qc6 29.Qd1 d5
30.Rc2 dxc4 31.dxc4 Rd8 32.Re2 Qc5 33.Qd3 Rc8 34.Rc2 Kg8 35.h3 Rd8 36.Re2 Qc6
37.Kh2 Qe4 38.Qd1 {#R} 0-1

[Event "Oberliga NRW 1997/98"]
[Site "Germany"]
[Round "6"]
[White "Heuermann Heinz-Burkhard (GER)"]
[Black "Ivic Roman (GER)"]
[Result "0-1"]
[WhiteElo "1970"]
[BlackElo "2264"]

1.c4 c5 2.Nc3 Nc6 3.Nf3 g6 4.d4 cxd4 5.Nxd4 Bg7 6.Nxc6 bxc6 7.Qc2 Nf6 8.e4 d6
9.Be2 O-O 10.O-O Qc7 11.Bg5 Rb8 12.Rac1 Rd8 13.Kh1 Ng4 14.h3 f6 15.Bd2 Ne5
16.f4 Nf7 17.Bf3 f5 18.b3 e5 19.exf5 gxf5 20.Bh5 e4 21.Be3 d5 22.cxd5 cxd5
23.Nxe4 Qxc2 24.Bxf7+ Kf8 25.Rxc2 fxe4 26.Rc7 d4 27.Bc1 Rd7 28.Rxd7 Bxd7
29.Bd5 e3 30.Ba3+ Ke8 31.Bb2 Bb5 32.Rc1 d3 33.Bxg7 d2 34.Rd1 e2 {#R} 0-1